000 00547nam a2200193Ia 4500
005 20250508154054.0
008 008 250505s9999 xx 000 0 eng d
037 _aTextual
040 _aFEDL
_beng
_cFEDL
041 _aeng
_2eng
084 _a371.5, DUN
_qFEDL
100 _aDunhill James
_9762393
245 0 _aDiscipline in the classroom
260 _aLondon, UK
_bUniversity of London Press
_c1964
300 _a64p.
650 _aClassroom - Discipline
_9764989
942 _cTEXL
_h371.5, DUN
999 _c1347443
_d1347443